| 000 | 01248nam a2200337Ia 4500 | ||
|---|---|---|---|
| 001 | ebr10274566 | ||
| 003 | CaPaEBR | ||
| 006 | m u | ||
| 007 | cr cn||||||||| | ||
| 008 | 881219s1989 enk sb 001 0 eng d | ||
| 010 | _z 88033015 | ||
| 020 | _z9780198244776 | ||
| 020 | _z0198244770 | ||
| 040 |
_aCaPaEBR _cCaPaEBR |
||
| 035 | _a(OCoLC)608991101 | ||
| 050 | 1 | 4 |
_aQC6.4.C3 _bC37 1989eb |
| 100 | 1 | _aCartwright, Nancy. | |
| 245 | 1 | 0 |
_aNature's capacities and their measurement _h[electronic resource] / _cNancy Cartwright. |
| 260 |
_aOxford : _bClarendon Press ; _aNew York : _bOxford University Press, _c1989. |
||
| 300 | _ax, 268 p. | ||
| 504 | _aIncludes bibliographic references and index. | ||
| 533 |
_aElectronic reproduction. _bPalo Alto, Calif. : _cebrary, _d2009. _nAvailable via World Wide Web. _nAccess may be limited to ebrary affiliated libraries. |
||
| 650 | 0 | _aCausality (Physics) | |
| 650 | 0 | _aProbabilities. | |
| 650 | 0 |
_aPhysics _xPhilosophy. |
|
| 650 | 0 | _aQuantum theory. | |
| 650 | 0 | _aEconometrics. | |
| 655 | 7 |
_aElectronic books. _2local |
|
| 710 | 2 | _aebrary, Inc. | |
| 856 | 4 | 0 |
_uhttp://site.ebrary.com/lib/rucke/Doc?id=10274566 _zAn electronic book accessible through the World Wide Web; click to view |
| 999 |
_c6505 _d6505 |
||